Ivo en la galera /

¡Qué difícil es llegar a una fiesta y no conocer a nadie! Ivo quiere ser parte del juego de los chicos, pero para dar ese paso y acercarse necesita que alguien le tienda una mano y le de la bienvenida. Mientras Ivo espera que eso ocurra, se distrae recorriendo un lugar repleto de sorpresas.

Guardado en:
Autor Principal: Porcelli Piussi, Liza.
Otros Autores: Sanfelippo, Ana; il.
Formato: Libro
Idioma:Spanish
Publicado: Buenos Aires : Lúdico, 2015.
Edición:1a ed.
Series:Huellas de elefante
Materias:
Etiquetas: Agregar Etiqueta
Sin Etiquetas, Sea el primero en etiquetar este registro!
LEADER 00960nam a22002175a 4500
001 CEM.cems024522
008 250326s2015####ag############000#0#spa#d
005 20250326142339.0
245 1 0 |a Ivo en la galera /  |c Liza Porcelli Piussi ; ilustraciones Ana Sanfelippo. 
250 |a 1a ed. 
260 |a Buenos Aires :  |b Lúdico,  |c 2015. 
300 |a 31 p. 
490 1 |a Huellas de elefante 
520 |a ¡Qué difícil es llegar a una fiesta y no conocer a nadie! Ivo quiere ser parte del juego de los chicos, pero para dar ese paso y acercarse necesita que alguien le tienda una mano y le de la bienvenida. Mientras Ivo espera que eso ocurra, se distrae recorriendo un lugar repleto de sorpresas. 
020 |a 9789873821042 
100 1 |a Porcelli Piussi, Liza. 
700 1 |a Sanfelippo, Ana; il. 
653 |a Literatura argentina 
653 |a Literatura infantil 
653 |a Novela infantil 
859 |a CEMS  |b BIB. CEMS - Inicial y Primaria  |h A863.4  |i P822-2  |k IP  |p 5864  |t Ej.1